000 00684nam0a22002291 4500
001 rc\753810
005 20250622121334.0
035 _a(NLR Aleph) 006282008
090 _a7059580
_c7059580
100 _a20040301d1985 |||y0rusy50 ca
101 0 _arus
102 _aRU
105 _aa |||||||||
200 1 _aЭкономическая работа в сберегательных кассах
210 _aМ.
_cФинансы и статистика
_d1985
215 _a112 с.
_cграф.
_d20
700 1 _aГнутов
_bА.П.
_gАлексей Павлович
801 0 _aRU
_bNLR
_gpsbo
801 1 _aRU
_bELAR
_2rusmarc
852 _aNLR
_j85-3/4563
942 _cBOOK
980 _aNB